000 00397nam a2200181Ia 4500
003 0STCL
008 150530s9999 xx 000 0 und d
040 _aSTCL
_cSTCL
100 _aRay Satyajit
245 _aOriginal English Film Scripts
250 _a1
260 _c2011
_aNew Delhi
300 _a196
546 _aEnglish
942 _2ddc
_cBK
999 _c55847
_d55847
005 20220125170959.0